000 01339nam a22003737a 4500
003 CHAP
005 20220329141212.0
008 971010s1979 r 00010 d
010 _a64296
011 _a65268
035 _a71609
040 _cCHAP
090 _aTesis
100 0 0 _aValenzuela García, Marco Antonio.
_9117485
245 _aReducción de la lámina de riego mediante diferentes métodos de siembra en surcos alternados a dos anchuras de surcos y su efecto en los rendimientos del algodonero en el Valle del Yaqui
260 _aChapingo, Méx. :
_bEl autor,
_c1979
300 _a53 h
502 _aTesis (Ing. Agr. Esp. en Suelos) -- ENA. Departamento de Suelos
590 _aALEPH
_b10
_c20130110
_lUCH01
_h1351
590 _aBATCH-UPD
_b10
_c20130110
_lUCH01
_h0619
590 _aBATCH-UPD
_b10
_c20130410
_lUCH01
_h0301
590 _aBATCH-UPD
_b10
_c20130914
_lUCH01
_h0106
590 _aCONVERSION
_b10
_c20130109
_lUCH01
_h1335
650 1 4 _aAlgodon
_xEspaciamiento.
_94008
650 1 4 _aAlgodon
_xIrrigacion.
_94028
650 1 4 _aAlgodón
_xRendimiento.
_94053
650 1 4 _aAlgodon
_xSonora.
_94060
650 1 4 _aAlgodon
_xSonora.
_94060
901 _aBK
942 _cFOLL
949 _bBC
_cTES
_d-153818
_eTS1
_i71609
_si
949 _bBC
_cTES
_d-153819
_eTS2
_fc.2
_i71609
_si
949 _bS
_cTES
_d-4252
_eTS1
_i71609
_si
999 _c64296
_d64296